Trvalá externá perkutánna transhepatálna biliárna drenáž u inoperabilných pacientov

Bibliographic Details
Main Authors: Mitacz, Karol (Author), Mikuláš, I. (Author)
Format: Article
Language:Slovak
PhysicalDescription:Obr. 5, res. angl., slov., lit. 9 zázn. v angl., češ., slov.
ISSN:1335-0625
Subjects:

MARC

LEADER 00000nab a2200000 a 4500
001 vtls000582345
003 SK-MaSNL
005 20260304090117.0
008 250425c1996 xo 0 slo
015 |a SNBRB19rr/mm-uuuuu 
035 |a CL0582484 
035 |a urn:nbn:sk:snk-ab6wcy 
035 |a (uuid)ac376d37-e7fc-4e28-8844-6cbc2e2c3b81 
035 |a (urnnbn)urn:nbn:sk:snk:ar-a062gp 
035 |a (sysno)vtls000582345 
040 |a SNKBUCL  |b slo  |c SNKBUCL  |e AACR2 
041 0 |a slo 
044 |a xo  |c SK 
080 |a 616.361-006.6  |2 1981 
100 1 |a Mitacz, Karol  |4 aut  |9 737922 
245 1 0 |a Trvalá externá perkutánna transhepatálna biliárna drenáž u inoperabilných pacientov  |c Karol Mitacz, I. Mikuláš 
300 |b Obr. 5, res. angl., slov., lit. 9 zázn. v angl., češ., slov. 
650 0 7 |a obštrukcia biliárna malígna  |2 snkbucl  |9 1380615 
650 0 7 |a drenáž biliárna transhepatálna  |2 snkbucl  |9 1380616 
655 7 |a články z novín a časopisov  |2 snkbucl  |9 267496 
700 1 |a Mikuláš, I.  |4 aut  |9 796962 
773 0 |t Slovenská rádiológia  |g Roč. 3, č. 1 (1996), s. 39-42  |x 1335-0625 
850 |a Slovenská národná knižnica 
852 |a Slovenská národná knižnica 
954 |a odborná, vedecká literatúra pôvodná (slovenská)  |2 lita 
958 |a article27 
958 |a NB 
958 |a RK 
958 |a MI 
958 |a OND 
958 |a EUIPO 
992 |a RBX 
999 |c 2810326  |d 2812256